Datum a čas kvízu
22.5
Celkem bodů
Celkový počet nahraných bodů na tomto kvízu bez doplňovacích otázek.
6.
Pořadí na kvízu
Konečné umístění týmu na tomto kvízu.
Zaznamenané odpovědi
| # | Otázka | Odpověď | Body | Výsledky |
|---|---|---|---|---|
| 1. | Jak se nazývá politické hnutí,... | 1 | ||
| 2. | Policisté provedli v minulých... | 1 | ||
| 3. | Jistá zpěvačka minulý týden za... | 1 | ||
| 4. | Bývalá chlouba československéh... | 0 | ||
| 5. | Disciplinární komise Ligové fo... | 0 | ||
| 6. | Zvíře jménem Mojžíš v Orwellov... | 0 | ||
| 7. | Tato kniha Jacka Londona navaz... | 1 | ||
| 8. | Příběhy medvídka Pú pochází z... | 0 | ||
| 9. | O Knize džunglí jsme se v kvíz... | 0 | ||
| 10. | Lev, čarodějnice a skříň není... | 0 |